[Event "Cattolica op-B 8th"]
[Site "Cattolica"]
[Date "2021.05.27"]
[Round "1"]
[White "Solime, Marco"]
[Black "Costa, Vincenzo1111"]
[Result "1-0"]
[WhiteElo "1781"]
[BlackElo "1530"]
[PlyCount "67"]
[EventDate "2021.05.27"]
[EventType "swiss"]
[EventRounds "7"]
[EventCountry "ITA"]
[SourceTitle "CBM 203 Extra"]
[Source "ChessBase"]
[SourceDate "2021.09.30"]
[SourceVersion "1"]
[SourceVersionDate "2021.09.30"]
[SourceQuality "1"]

1. e4 e5 2. Nf3 Nc6 3. Bb5 Nf6 4. Qe2 d6 5. c3 a6 6. Ba4 b5 7. Bc2 Be7 8. 0-0 Bb7 9. Rd1 0-0 10. d3 Qd7 11. Nbd2 Nd8 12. Nf1 Qc8 13. Ng3 c5 14. Nf5 Nc6 15. d4 cxd4 16. cxd4 exd4 17. N3xd4 Qd7 18. Bf4 Rad8 19. Nb3 Qe6 20. a3 Rfe8 21. Nbd4 Qd7 22. Nxe7+ Nxe7 23. Nb3 Ng6 24. Bxd6 Qe6 25. Nc5 Qc8 26. Nxb7 Qxb7 27. e5 Nh4 28. f3 Nd5 29. Qe4 Rxd6 30. Qxh7+ Kf8 31. Qh8+ Ke7 32. exd6+ Kxd6 33. Qg8 Rf8 34. Qxf8+ 1-0